Effects of burning on diet quality and associated production systems of cattle and goats in Acacia savannahs of Kenya /

Bibliographic Details
Main Author: Mbui, Moses Kiruki, 1949-
Format: Thesis eBook
Language:English
Published: [Place of publication not identified] : [publisher not identified] ; 1985.
Subjects:
Online Access:Link to OAKTrust copy

MARC

Tag First Indicator Second Indicator Subfields
LEADER 00000cam a2200000 a 4500
001 in00000007483
005 20220103114931.0
007 cr unu a
008 880226s1985 xx ab b 00010 eng d
035 |9 AAA1978AM 
035 |a (OCoLC)17543739 
040 |a TXA  |c TXA  |d UtOrBLW 
043 |a f-ke--- 
049 |a TXAZ [Also in] [Archives]  |c 1 [A09315742], 2 [A09315750] 
099 |a 1985  |a Thesis  |a M481 
100 1 |a Mbui, Moses Kiruki,  |d 1949- 
245 1 0 |a Effects of burning on diet quality and associated production systems of cattle and goats in Acacia savannahs of Kenya /  |c by Moses Kiruki Mbui. 
264 1 |a [Place of publication not identified] :  |b [publisher not identified] ;  |c 1985. 
300 |a xiv, 125 leaves :  |b illustrations, maps ;  |c 29 cm. 
336 |a text  |b txt  |2 rdacontent 
337 |a computer  |b c  |2 rdamedia 
338 |a online resource  |b cr  |2 rdacarrier 
500 |a "Major subject: Range Science." 
500 |a Typescript (photocopy). 
500 |a Vita. 
502 |b M.S.  |c Texas A&M University  |d 1985. 
504 |a Bibliography: leaves 82-91. 
530 |a Also available online. 
650 0 |a Cattle  |x Feeding and feeds  |z Kenya. 
650 0 |a Forage plants  |z Kenya. 
650 0 |a Goats  |x Feeding and feeds  |z Kenya. 
650 0 |a Prescribed burning  |z Kenya. 
650 4 |a Major range science. 
856 4 1 |u https://hdl.handle.net/1969.1/ETD-TAMU-1985-THESIS-M481  |z Link to OAKTrust copy  |t 0 
999 |a MARS 
999 f f |s 14612bf1-96be-394f-976b-7fe5e6d2b929  |i 742c94f6-1040-3e19-a1a7-bc0c59a092c6  |t 0 
952 f f |p noncirc  |a Texas A&M University  |b J.J. Pickle Campus  |c High Density Repository  |s HDR  |d Remote Storage  |t 0  |e 1985 Thesis M481  |h Other scheme  |i computer -- online resource  |m A14840934327 
952 f f |a Texas A&M University  |b College Station  |c Electronic Resources  |s www_evans  |d Available Online  |t 0  |e 1985 Thesis M481  |h Other scheme 
998 f f |a 1985 Thesis M481  |t 0  |l Remote Storage 
998 f f |a 1985 Thesis M481  |t 0  |l Available Online